| Поле | Инд. | ПП | Название | Значение |
|---|---|---|---|---|
| Тип записи | a | |||
| Библиографический уровень | m | |||
| 001 | Контрольный номер | bea81ac7366d4fb4939dde9414e4e1b9 | ||
| 005 | Дата корректировки | 20250701144853.2 | ||
| 020 | a | ISBN | 978-5-00167-743-7 | |
| c | Цена, тираж | 400-00 | ||
| 084 | a | Индекс другой классификации/Индекс ББК | 84(2=411.2)6 | |
| 090 | a | Полочн. индекс | 84(2=411.2)6 | |
| c | Каталожный индекс | 84(2=411.2)6 | ||
| x | Авторский знак | Р 68 | ||
| 091 | i | Возрастная адресация (DOS) | 12+ | |
| 097 | b | Оператор | Кондратьева; Попеленкова | |
| 100 | 1_ | a | Автор | Рольникайте М. |
| q | Полное имя | Рольникайте Маша | ||
| 245 | 10 | a | Заглавие | Я должна рассказать |
| b | Продолж. заглавия | [12+] | ||
| 260 | a | Место издания | Москва | |
| b | Издательство | Самокат | ||
| c | Дата издания | 2025 | ||
| 300 | a | Объем | 240 с. | |
| 900 | a | Имя макрообъекта | о15703731 | |
| 901 | t | Тип документа | m |